| 000 | 00434nam a22001817a 4500 | ||
|---|---|---|---|
| 003 | MPLRDC | ||
| 005 | 20220104125548.0 | ||
| 008 | 210129b ||||| |||| 00| 0 eng d | ||
| 082 | _a813 SJWX v.32 | ||
| 100 | _a霍桑 | ||
| 245 |
_a红字 _c |
||
| 250 | _a再版 | ||
| 260 |
_a _b远景出版事业公司 _c1981 |
||
| 300 | _b平 | ||
| 490 | _a世界文学全集. 32 | ||
| 650 | _a世界文学总集 | ||
| 942 |
_cBK _o813 SJWX v.32 |
||
| 999 |
_c28337 _d28327 |
||